Criminal Minds Actors Quiz Stats

Quiz not verified by Sporcle

Challenge
Share
Tweet
Embed
Score 0/10 Timer 05:00
0 Plays Today
Actor Actor/Actress % Correct
Aaron HotchnerThomas Gibson
94.5%
Derek MorganShemar Moore
91.8%
Jennifer 'JJ' JareauA.j. Cook
91.8%
Emily PrentissPaget Brewster
90.5%
Spencer ReidMatthew Gray Gubler
88%
David RossiJoe Mantegna
71.3%
Jason GideonMandy Patinkin
68.8%
Penelope GarciaKirsten Vangsness
65.3%
Elle GreenawayLola Glaudini
62.3%
Ashley SeaverRachel Nichols
56.1%

You're not logged in!

Compare scores with friends on all Sporcle quizzes.
Sign Up with Email
OR
Log In

You Might Also Like...

Show Comments

Extras

Top Quizzes Today


Score Distribution

Your Account Isn't Verified!

In order to create a playlist on Sporcle, you need to verify the email address you used during registration. Go to your Sporcle Settings to finish the process.